[Event "Festival Primavera Cattolica 2022"]
[Site "Cattolica"]
[Date "2022.03.16"]
[Round "1.1"]
[White "Bernadskiy, Vitaliy"]
[Black "Marzocchi, Tommaso"]
[Result "1-0"]
[WhiteElo "2601"]
[BlackElo "2213"]
[Annotator "TA"]
[PlyCount "65"]
[EventDate "2022.03.16"]
[EventType "swiss"]
[EventCountry "ITA"]
[SourceTitle "playchess.com"]
[Source "ChessBase"]
[SourceQuality "1"]

{[%evp 9,65,26,37,16,43,26,48,54,51,52,56,26,59,12,10,13,25,20,38,20,22,8,23,5,14,-29,54,35,47,41,40,44,47,52,222,207,220,172,353,304,287,269,327,314,370,362,744,758,758,752,1177,1103,1100,705,1598,1406,29997,29998]} 1. c4 e5 2. g3 Nc6 3. Bg2 Bc5 4. Nc3 a6 5. Nf3 d6 6. O-O {A25: English Opening vs King's Indian with ...Nc6 but without early d3.} Nge7 7. e3 Bg4 8. h3 {White is slightly better.} Bh5 9. g4 Bg6 10. d4 Ba7 11. d5 (11. dxe5 $1 $14 {is more appropriate.} dxe5 12. b4) 11... Nb8 $1 $11 12. Nh4 {[#]} Nd7 $146 ({Predecessor:} 12... h5 13. g5 Nf5 14. Nxg6 fxg6 15. e4 Nd4 16. Be3 O-O 17. h4 b5 18. cxb5 axb5 {½-½ (44) Koestner,W (2292)-Stachanczyk,J ICCF email 2018}) 13. e4 {[%cal Be3e4,Be4f5][%mdl 32]} f6 14. Nf5 Nxf5 15. exf5 Bf7 16. Ne4 Qe7 17. Qb3 (17. Bf3 $142) 17... Rb8 (17... O-O-O $1 $11) 18. Qa3 g6 19. Bh6 gxf5 20. gxf5 Rg8 21. Kh2 Bh5 $2 {This costs Black the game.} ({Better is} 21... Bd4 $14) 22. Rae1 Bd4 23. b4 {Hoping for Rg1.} b5 $2 (23... Nb6) 24. cxb5 axb5 25. Qc1 Nb6 26. Rg1 {[%cal Og2f3] [#] Threatens to win with Bf3!} Bf7 27. Bf3 (27. Qc6+ Kd8 $16) 27... Nxd5 $2 (27... Kd7) 28. Rxg8+ $18 Bxg8 29. Rg1 Kd7 {To avoid Qc6+} 30. Rg7 {White threatens Nxf6+ and mate.} Bf7 {[#]} 31. Ng5 $1 {[%mdl 512] And now Bxd5 would win.} fxg5 (31... e4 32. Rxf7) 32. Bxd5 {[%mdl 64] Pin} Rf8 33. Qc6+ {Weighted Error Value: White=0.14 (very precise) /Black=0.67} 1-0

[Event "Festival Primavera Cattolica 2022"]
[Site "Cattolica"]
[Date "2022.03.16"]
[Round "1.3"]
[White "Basso, Pier Luigi"]
[Black "Kotyk, Michael"]
[Result "1-0"]
[WhiteElo "2600"]
[BlackElo "2179"]
[Annotator "TA"]
[PlyCount "85"]
[EventDate "2022.03.16"]
[EventType "swiss"]
[EventCountry "ITA"]
[SourceTitle "playchess.com"]
[Source "ChessBase"]
[SourceQuality "1"]

{[%evp 17,85,13,6,7,11,22,31,8,7,0,0,0,28,20,16,10,13,5,2,0,2,0,0,0,0,0,0,0,0,0,0,0,0,-3,0,0,0,0,0,0,0,0,5,8,11,9,100,71,81,45,75,70,88,100,97,92,81,93,392,391,365,343,337,289,297,289,276,282,707,706]} 1. d4 d5 2. c4 e6 3. Nf3 Nf6 4. g3 Be7 5. Bg2 O-O 6. Nbd2 c6 7. O-O b6 8. Qc2 Bb7 9. e4 Na6 10. a3 $1 {10.a3 is better than 10.e5. E06: Closed Catalan: Early deviations.} c5 {[%cal Rd5e4]} 11. exd5 exd5 12. dxc5 {White is slightly better.} Nxc5 13. Rd1 $5 {[%mdl 4] An interesting side line.} dxc4 14. Nxc4 {[#]} Be4 $146 ({Predecessor:} 14... Qc8 15. b4 Be4 16. Qc3 Na4 17. Qb3 b5 18. Nd6 Bxd6 19. Rxd6 Qb7 20. Nh4 Nb6 21. Bxe4 Nxe4 {½-½ (27) Ott,P (2147)-Glaser,K (2250) ICCF email 2018}) 15. Rxd8 (15. Qe2 {keeps more tension.} Qe8 16. Bg5 h6 17. Nd6 Bxd6 18. Bxf6 Qe6 19. b4) 15... Bxc2 16. Rxa8 Rxa8 17. Nd4 Be4 18. Bg5 h6 19. Bxe4 Ncxe4 20. Nc6 Nxg5 21. Nxe7+ Kf8 22. Nc6 Rc8 23. N4e5 {Inhibits Nf3+.} Nf3+ 24. Nxf3 Rxc6 $11 {[%mdl 4096] Endgame KRN-KRN} 25. Nd4 {To avoid Rc2} Rc5 26. f3 a5 27. Kf2 a4 28. Rd1 Nd7 29. f4 Rd5 30. Ke3 Nc5 31. Rd2 h5 (31... Ke7 $11 {remains equal.}) 32. Nf3 Rxd2 33. Nxd2 $16 {And now Kd4 would win. KN-KN} Ke7 {[#]} 34. Kd4 $1 Ke6 35. Nc4 Nb3+ 36. Kc3 b5 37. Ne3 {Kb4 is the strong threat.} Nc1 $2 {[%mdl 8192] [#] Loses the game.} (37... Kd7 $16 {is a better defense.}) 38. Kb4 $18 Nd3+ 39. Kxb5 Nxb2 40. Nc4 Nd3 41. Kxa4 Kd5 42. Kb5 Nc5 $2 (42... Nc1 43. a4 Nb3) 43. Ne3+ {Weighted Error Value: White=0.03 (flawless) /Black=0.34} 1-0

[Event "Festival Primavera Cattolica 2022"]
[Site "Cattolica"]
[Date "2022.03.16"]
[Round "1.4"]
[White "Ciolek, Andreas"]
[Black "Jobava, Baadur"]
[Result "0-1"]
[WhiteElo "2194"]
[BlackElo "2588"]
[Annotator "TA"]
[PlyCount "78"]
[EventDate "2022.03.16"]
[EventType "swiss"]
[EventCountry "ITA"]
[SourceTitle "playchess.com"]
[Source "ChessBase"]
[SourceQuality "1"]

{[%evp 22,78,-23,-48,-39,-106,-110,-93,-91,-121,-125,-130,-123,-141,-142,-154,-41,-52,-41,-35,-5,-8,-5,-10,-6,-5,59,18,11,0,43,44,88,16,14,26,19,18,54,15,21,20,15,-16,-7,-3,-2,-5,0,0,0,0,0,-1049,-1027,-1059,-1052,-931,-912]} 1. d4 Nf6 2. Nf3 g6 3. g3 Bg7 4. Bg2 O-O 5. O-O d5 6. c4 Nc6 7. cxd5 Nxd5 8. e4 Nb6 9. d5 Na5 10. Nc3 c6 11. dxc6 {11.h3 is a critical line.} Nxc6 12. Qe2 Bg4 {D76: Fianchetto Grünfeld: Main Line with 7...Nb6.} 13. Rd1 (13. Be3 $15) 13... Nd4 $17 14. Qd3 Rc8 {[#] Black is better.} (14... Qd7 {feels hotter.} 15. h3 Bxf3 16. Bxf3 Qxh3 17. Nd5 Nxd5 18. exd5 Nxf3+ 19. Qxf3 Rac8) 15. Nd5 $146 ({Predecessor:} 15. h3 Nxf3+ 16. Bxf3 Qxd3 17. Rxd3 Bxf3 18. Rxf3 {½-½ (18) Andi,P (2196)-Szarvas,Z (2167) Hungary 2001}) 15... Nxd5 16. exd5 {[%cal Be4d5,Bd5d6][%mdl 32] [#]} Bf5 $1 17. Qf1 {[#]} Nc2 {Black is more active.} 18. Rb1 {[#]} Ne1 19. Qxe1 $15 {Threatens to win with Ra1.} Bxb1 20. Bg5 {[%csl LRb1,LRe7]} Bxa2 (20... Bc2 $5 {[%cal Rc2d1]} 21. Bxe7 Qd7 $15) 21. d6 $1 $132 {[%mdl 2048] White has counterplay} Bb3 (21... Bxb2 $2 22. dxe7 Qb6 23. exf8=N Rxf8 24. Qe2 $18) 22. Rd3 Be6 {White must now prevent ...Bf6.} 23. Bxe7 Qb6 (23... Qd7 $11) 24. Ng5 (24. d7 $14 Rcd8 25. Rd6 (25. Bxd8 Rxd8 26. Ng5 Rxd7 $11) (25. Bxf8 Bxf8 26. Qd1 Qxb2 $15)) 24... Qb5 25. Rd1 ({Of course not} 25. Nxe6 Qxd3 26. Nxf8 Bxf8 27. Bxb7 Rc2 $17) 25... Bb3 (25... Bd7 $11) 26. Rd2 $14 {d7 is the strong threat.} Rfd8 27. Bh3 (27. Bxd8 $16 Rxd8 28. Qe7) 27... Rd7 $11 28. Bxd7 Qxd7 29. Ne4 Be6 30. Nf6+ Bxf6 31. Bxf6 Qc6 32. f4 Bd7 33. Bc3 Re8 34. Qf2 f6 35. Bxf6 Qc1+ 36. Kg2 {[%cal Og3g4]} Qc4 {Hoping for ...Qe4+.} 37. Bc3 $2 {[%mdl 8192]} (37. Be7 $11) 37... Qe4+ $19 {Black is clearly winning.} 38. Kg1 Bc6 {[%csl Gc6][%cal Re4h1]} 39. Qg2 {Inhibits Qh1+.} Qb1+ {Weighted Error Value: White=0.41/Black=0.21 (precise)} (39... Qxg2+ $2 {too greedy.} 40. Rxg2 Bxg2 41. Kxg2 $19) 0-1

[Event "Festival Primavera Cattolica 2022"]
[Site "Cattolica"]
[Date "2022.03.16"]
[Round "1.5"]
[White "Dardha, Daniel"]
[Black "Koellner, Aaron Noah"]
[Result "1-0"]
[WhiteElo "2541"]
[BlackElo "2155"]
[Annotator "TA"]
[PlyCount "137"]
[EventDate "2022.03.16"]
[EventType "swiss"]
[EventCountry "ITA"]
[SourceTitle "playchess.com"]
[Source "ChessBase"]
[SourceQuality "1"]

{[%evp 18,137,0,18,10,16,8,17,36,22,66,59,67,7,12,18,15,4,34,43,39,15,58,20,23,22,19,20,20,20,32,25,31,28,57,61,58,24,32,0,-6,-5,-5,-12,0,0,0,0,0,-4,0,0,0,0,15,16,43,33,71,32,40,45,34,29,37,39,306,306,305,292,301,298,283,283,283,297,294,259,327,333,337,317,321,242,340,340,340,333,333,333,333,317,307,297,1173,1134,1338,1343,1346,1295,1279,1280,862,1033,700,648,29979,29980,29980,29981,29984,29985,29985,29986,29986,29987,29990,29991,29992,29993,29993,29994]} 1. d4 d5 2. c4 e6 3. Nf3 Nf6 4. g3 Bb4+ 5. Bd2 Be7 6. Bg2 O-O 7. O-O Nbd7 8. Qc2 c6 9. Rd1 b6 10. Bf4 Ba6 {E08: Closed Catalan: Main Line: 7 Qc2.} 11. cxd5 cxd5 12. Ne5 Qc8 {The position is equal.} 13. Nc6 {[#]} Bd8 $146 (13... Bc5 $1 $11) ({Predecessor:} 13... Bc5 14. Ne5 Nxe5 15. Bxe5 Ng4 16. dxc5 Nxe5 17. Qc3 Nc6 18. cxb6 axb6 19. Qd2 Rd8 20. Nc3 b5 {1-0 (33) Luong,P (2259)-Samant,A (2388) Ho Chi Minh City 2019}) 14. Rc1 $14 {White is much more active. Black has bad knights.} Qb7 15. Nxd8 (15. a4 $14) 15... Rfxd8 $11 16. Nc3 Rac8 17. Qd2 Rc4 18. b3 Rc6 19. a3 Qa8 (19... Nf8 $11) 20. Bf3 Rdc8 {[%cal Of6e4]} 21. Qb2 Ne4 {[%cal Re4c3]} 22. Na2 Rxc1+ 23. Rxc1 Ndf6 24. Bg2 Rxc1+ 25. Qxc1 {Black must now prevent f3.} Nd7 (25... Bxe2 $2 26. Qc2 $16 (26. f3 h6 $16)) 26. f3 Nef6 27. Nc3 Qc8 28. e4 dxe4 29. fxe4 e5 30. dxe5 (30. Bxe5 Nxe5 31. dxe5 Qc5+ 32. Kh1 Qxe5 $15) 30... Qc5+ 31. Be3 Qxe5 32. Qd2 h5 {[%cal Oh5h4]} 33. Qd4 Qe7 34. h3 Qe6 35. Bf4 Nc5 (35... Qxb3 36. e5 Nh7 37. Bd5 (37. Qxd7 Qxc3 38. Qxa7 g5 $11) 37... Qxa3 38. e6 $16 (38. Bxf7+ Kxf7 39. Qxd7+ Kg8 $11)) 36. b4 Ncd7 37. e5 Ne8 38. Ne4 (38. Bd5 $5 {[%cal Rd5e6]} Qe7 39. Ne4 $16) 38... Nf8 $1 39. Ng5 $36 {[%mdl 2048] Black is under pressure.} Qc4 40. Qd1 {[#] Bd5 is the strong threat.} Nc7 {Inhibits Bd5.} 41. Qxh5 {[%cal Oe5e6] Strongly threatening e6!} Ng6 $2 {[%mdl 8192] Black cannot hold the game after this.} (41... Bc8 $1 $14) 42. e6 $18 Nxe6 43. Qh7+ Kf8 44. Bd6+ {This bishop pair is nice.} Ke8 45. Nxe6 {Really sharp!} (45. Qg8+ Kd7 46. Qxf7+ Kxd6 $16) 45... Kd7 46. Nf8+ (46. Nxg7 $6 Qd4+ 47. Kh2 Qxd6 $16) (46. Qxg7 $6 Kxe6 47. Bb8 Qc1+ 48. Kh2 Qd2 $16) 46... Kxd6 47. Qxg7 (47. Nxg6 Qd4+ 48. Kh2 fxg6 49. Qxg6+ Ke7 50. Qg5+ Ke6 51. Qg6+ Ke7 52. Qg5+ Ke6 53. Qg6+ Ke7 $16) 47... Qc1+ 48. Kh2 {[#] Hoping for Qf6+.} Nxf8 49. Qxf8+ Ke6 50. Qd8 ({Don't do} 50. Qe8+ Kf6 51. Qb8 Kg7 52. Qxa7 Bf1 53. Qxb6 Bxg2 54. Qd4+ f6 55. Kxg2 Qxa3) 50... Bc8 (50... Bf1 {was called for.} 51. Bd5+ (51. Qd5+ Ke7 $16) 51... Kf5) 51. h4 Qc2 52. Qd5+ Kf6 53. Qc6+ ({Not} 53. Qg5+ Ke6 $16) 53... Qxc6 54. Bxc6 {[%mdl 4096] Endgame KB-KB} a5 55. Kg2 axb4 $2 (55... Bg4 56. Bd5 Kg7) 56. axb4 Bf5 57. Kf3 Ke5 58. Ke3 Bh7 59. Be8 Ke6 60. Kf4 Kf6 61. Bc6 {aiming for g4.} Ke6 62. Be4 {White mates.} Bg8 63. h5 {[%cal Bh4h5,Bh5h6][%mdl 32]} f5 64. Bxf5+ Kf6 65. g4 {[%cal Bg3g4,Bg4g5,Bg5g6][%mdl 32]} Bc4 66. g5+ Kg7 67. h6+ Kh8 68. g6 b5 69. Kg5 {Weighted Error Value: White=0.09 (flawless) /Black=0.24 (precise)} 1-0

[Event "Festival Primavera Cattolica 2022"]
[Site "Cattolica"]
[Date "2022.03.16"]
[Round "1.6"]
[White "Calavalle, Giulio"]
[Black "Bosiocic, Marin"]
[Result "0-1"]
[WhiteElo "2183"]
[BlackElo "2522"]
[Annotator "TA"]
[PlyCount "86"]
[EventDate "2022.03.16"]
[EventType "swiss"]
[EventCountry "ITA"]
[SourceTitle "playchess.com"]
[Source "ChessBase"]
[SourceQuality "1"]

{[%evp 11,86,23,35,8,41,25,40,42,58,-28,-44,-37,40,-32,-29,-34,-34,-37,-42,-39,-38,-33,225,222,196,61,68,68,87,87,90,62,82,64,125,9,94,93,81,95,258,254,243,-54,-20,-121,-70,-76,-54,-66,-54,-224,-212,-224,-220,-366,-350,-480,-474,-442,-400,-357,-379,-420,-420,-417,-417,-387,-325,-664,-599,-29994,-29995,-29995,-29996,-29996,-29997]} 1. e4 c5 2. Nf3 e6 3. d4 cxd4 4. Nxd4 Nc6 5. Nc3 Qc7 6. Be3 a6 7. Qf3 {7.g4 is setting a new trend. B48: Sicilian: Taimanov: 5 Nc3 Qc7 6 Be3 a6 without Be2.} Ne5 8. Qg3 h5 9. Bf4 {White is slightly better.} d6 10. Bxe5 ({White should try} 10. Bg5 $1 $14) 10... dxe5 $11 11. Nf3 {[#]} Nf6 $146 (11... f6 $1 $15) ({Predecessor:} 11... f6 12. O-O-O Kf7 13. Nd2 b5 14. Nb3 Bb4 15. Qd3 Ne7 16. a3 Bxc3 17. Qxc3 Qxc3 18. bxc3 {0-1 (65) Wagner,V (1799)-Wagenvoorde,G (2128) Vlissingen 2019}) 12. Bd3 (12. Nxe5 $2 h4 13. Qg5 Rh5 $19) (12. Qxe5 $14 Bd6 13. Qg5) 12... Nd7 $15 13. O-O b5 14. Nd1 {[%cal Bc3d1,Bd1e3,Be3f5][%mdl 32]} Bb7 15. a4 b4 16. Ne3 f6 $2 {[%mdl 8192]} (16... Rc8 $15 {keeps the upper hand.}) 17. Qg6+ $18 Ke7 18. Nh4 (18. Bc4 $18) 18... Rh6 $1 $14 {[#]} 19. Nhf5+ $1 exf5 20. Nxf5+ Kd8 21. Nxh6 gxh6 22. Rfd1 {Threatens to win with Qf7.} Qc5 (22... Kc8 $1 $14) 23. Be2 (23. c3 $1 $16) 23... Kc7 (23... Qe7 $11) 24. c3 $1 $16 {[%mdl 1024] Black must now prevent cxb4. White has strong compensation.} b3 25. Qf7 (25. Bxh5 Qe7 $14) 25... Bd6 $2 (25... Qe7 $16 26. Qxb3 Nc5) 26. Rd2 $1 $18 (26. Bxh5 Rf8 27. Qh7 (27. Qxb3 f5 $11) 27... Be7 $16) 26... Rf8 {[#]} 27. Qe6 (27. Qxh5 Be7 $16) (27. Qxb3 $6 Qc6 $16) (27. Qg7 $1 $18) 27... f5 $1 $15 {Dancing on a razor blade.} 28. Qxh6 ({But not} 28. Rad1 Rf6 29. Qxb3 fxe4 $17) (28. exf5 $11 {remains equal.} Rf6 29. Qxb3 (29. Qe8 e4 $17)) 28... Rf6 ({Black should play} 28... fxe4 $17 29. Bxh5 e3 30. Qxe3 (30. fxe3 Rf6 $17) 30... Nf6) 29. Qg5 $1 fxe4 30. Bxh5 e3 $1 $36 {[%mdl 2048] White is under pressure.} 31. fxe3 ({White has to play} 31. Qxe3 $15 e4 32. Be2 (32. Qh3 $2 Qg5 $19)) 31... e4 $19 32. Qxc5+ Bxc5 33. Re2 {[#]} (33. Rd4 $142) 33... Bd5 $1 34. g4 Bc4 {This bishop pair is nice.} 35. Ree1 Rh6 36. Kg2 Nf6 37. Kg3 (37. g5 $2 Rxh5 38. gxf6 Rg5+ 39. Kh3 Rg6 $19) 37... Nxh5+ 38. gxh5 Rxh5 {...Bd6+ is the strong threat.} 39. h4 Rf5 ({Not} 39... Be6 40. Rh1 $17) 40. Kg4 $2 (40. Rad1) 40... Rf3 41. h5 Be7 {[%cal Rc4e6] Black mates.} 42. h6 Be6+ 43. Kh5 Rh3+ {A wild game.  Weighted Error Value: White=0.65/Black=0.25 (precise)} 0-1

[Event "Festival Primavera Cattolica 2022"]
[Site "Cattolica"]
[Date "2022.03.16"]
[Round "1.7"]
[White "Nesterov, Arseniy"]
[Black "Dobboletta, Alex"]
[Result "1-0"]
[WhiteElo "2522"]
[BlackElo "2176"]
[Annotator "TA"]
[PlyCount "91"]
[EventDate "2022.03.16"]
[EventType "swiss"]
[EventCountry "ITA"]
[SourceTitle "playchess.com"]
[Source "ChessBase"]
[SourceQuality "1"]

{[%evp 20,91,15,0,29,0,0,-2,0,0,0,0,0,0,0,-16,0,-101,-108,-148,-19,-12,0,-12,0,0,16,18,23,28,29,36,58,42,18,14,38,43,50,19,0,0,0,0,0,0,36,0,134,128,140,65,195,195,262,263,560,545,882,865,2891,1985,3052,3260,3124,3049,2328,2222,2059,1978,12838,12839,12838,12839]} 1. d4 d5 2. c4 c6 3. Nc3 Nf6 4. e3 e6 5. Nf3 Nbd7 6. Qc2 Bd6 7. b3 O-O 8. Be2 Qe7 9. O-O b6 10. Bb2 {10.e4 is not played anymore.} Bb7 11. Rad1 Rac8 {D45: Semi-Slav: 5 e3.} 12. Rfe1 c5 13. cxd5 exd5 {The position is equal.} 14. Qf5 {[#]} a6 $146 ({Predecessor:} 14... Qe6 15. Bd3 Rfe8 16. dxc5 bxc5 17. Ng5 Qe5 18. Nf3 Qe6 19. Ng5 Qe5 20. Nf3 Qe6 {½-½ (20) Grischuk,A (2715)-Vallejo Pons,F (2660) Heraklion 2007}) 15. dxc5 Rxc5 {[%cal Od5d4] ...d4! is the strong threat.} 16. Na4 Rc7 17. Bd4 Ne4 18. Bd3 {Inhibits Rc2.} (18. Nxb6 $11 {remains equal.} Nxb6 19. Bxb6) 18... b5 $17 19. Nb6 Nxb6 (19... g6 $17 20. Qh3 Ndc5) 20. Bxb6 $11 Rc6 21. Bd4 Bb4 22. Rf1 $36 {[%mdl 2048] White is more active.} ({Don't go for} 22. Qxd5 $2 Nxf2 $1 23. Bxg7 (23. Kxf2 $2 Rc2+ 24. Bxc2 Bxe1+ 25. Rxe1 Bxd5 $19) (23. Bxh7+ $2 Kxh7 24. Rc1 Rh6 $19) 23... Bxe1 24. Bxf8 (24. Rxe1 $2 Rd8 $19) 24... Kxf8 $19) 22... Rh6 23. Qe5 ({But not} 23. Qg4 f5 24. Qf4 Re8 $15) 23... Qxe5 24. Nxe5 Nd2 25. a3 Nxf1 26. axb4 Nxh2 27. f3 Rd8 {Inhibits Nd7. White must now prevent ...f6.} 28. Be2 {[%mdl 1024] White has compensation.} Rc8 29. Bc5 g5 30. Nd3 f5 31. Kf2 Kf7 32. Kg3 Rg8 33. Bd4 Bc8 {[#]} (33... Re8 $11 {keeps the balance.}) 34. Rc1 $1 $16 Ke7 {[%cal Of5f4]} 35. Ne5 (35. Rc7+ $16 Kd8 36. Ra7) 35... f4+ {Loses the game.} ({Better is} 35... g4 $1 $14 36. f4 Nf3) 36. exf4 $18 ({Weaker is} 36. Kf2 g4 $14) 36... g4 (36... gxf4+ {was called for.} 37. Kf2 Rh5 38. Rc7+ Ke6) 37. fxg4 {Really sharp!} Bxg4 (37... Nxg4 {is a better defense.} 38. Nxg4 Rhg6) 38. Nxg4 {White is clearly winning.} Nxg4 39. Bxg4 {A strong pair of Bishops.} Rhg6 40. Rc7+ Kd8 41. Rc8+ Ke7 42. Rxg8 Rxg8 43. Kf3 Ra8 44. f5 {[%cal Bf4f5,Bf5f6][%mdl 32] And now Kf4 would win.} a5 45. bxa5 Rxa5 46. f6+ {Weighted Error Value: White=0.11 (very precise) /Black=0.42} 1-0

[Event "Festival Primavera Cattolica 2022"]
[Site "Cattolica"]
[Date "2022.03.16"]
[Round "1.8"]
[White "Dahale, Atul"]
[Black "Nikolov, Momchil"]
[Result "1/2-1/2"]
[WhiteElo "2148"]
[BlackElo "2501"]
[Annotator "TA"]
[PlyCount "83"]
[EventDate "2022.03.16"]
[EventType "swiss"]
[EventCountry "ITA"]
[SourceTitle "playchess.com"]
[Source "ChessBase"]
[SourceQuality "1"]

{[%evp 21,83,0,7,-3,17,0,0,0,6,0,14,16,22,22,5,0,11,0,0,0,0,0,2,0,30,1,1,0,5,10,28,29,26,31,33,0,0,0,0,-8,0,-12,-6,-67,-58,-64,-66,-93,0,0,0,0,45,20,22,24,14,0,0,0,39,43,78,0]} 1. d4 Nf6 2. c4 e6 3. Nc3 Bb4 4. e3 O-O 5. Nf3 c5 6. Bd3 d5 7. O-O Nc6 8. a3 Bxc3 9. bxc3 dxc4 10. Bxc4 Qc7 11. Qe2 {11.h3 is the modern continuation.} e5 12. h3 {E59: Nimzo-Indian: Rubinstein: Main Line: 7...Nc6 8 a3 Bxc3 9 bxc3 dxc4.} Bf5 13. Nh4 Bd7 {[%cal Bf5d7,Bd7b5,Bb5d3][%mdl 32]} 14. d5 {[#] The position is equal.} Na5 $146 {Strongly threatening ...e4.} ({Predecessor:} 14... Ne7 15. e4 Ng6 16. Nxg6 hxg6 17. Qe3 Nh5 18. Qg5 b5 19. Be2 Nf4 20. Bxf4 exf4 {1-0 (58) Gritsayeva,O (2262)-Chulivska,V (2262) Alushta 2005}) 15. e4 Nxc4 16. Qxc4 Ne8 17. Qe2 Nd6 18. Re1 Bb5 19. Qg4 f6 20. Nf5 Nxf5 21. Qxf5 Bd3 22. a4 b6 (22... Qa5 $5 {[%cal Ra5c3]}) 23. Re3 c4 24. Ba3 Rf7 25. Qe6 Rd8 26. Ra2 Qd7 27. Qxd7 Rdxd7 28. g4 {[%cal Oa4a5]} g6 29. d6 Rb7 30. Rb2 Rfd7 31. g5 Kf7 32. Rb5 (32. gxf6 $11 Ke6 33. f3) 32... a6 $15 (32... fxg5 $2 33. Rxe5 Kf6 34. Re8 $18) 33. Rd5 Ke6 $1 (33... fxg5 $2 34. Rxe5 Kf6 35. Re8 $18 (35. Re7 Rxe7 36. dxe7 Rxe7 $16)) 34. gxf6 {[%cal Of2f4] [#]} Rf7 (34... Bxe4 $1 $17 35. Rd1 Bd3) 35. a5 $11 bxa5 36. Rxa5 Rb6 (36... Rxf6 $11 {should be considered.} 37. f3 Rb1+ 38. Kh2 Rf7) 37. Rd5 {[%cal Od6d7] aiming for d7!} Rb1+ 38. Kh2 {[%cal Od6d7] Threatens to win with d7!} Rbb7 39. Ra5 {[%cal Od6d7]} Rxf6 40. Kg3 Rb6 41. Bb4 Rf7 {[#]} 42. Rd5 {Weighted Error Value: White=0.10 (very precise) /Black=0.10 (very precise)} ({White should play} 42. h4 $1 $16) 1/2-1/2

[Event "Festival Primavera Cattolica 2022"]
[Site "Cattolica"]
[Date "2022.03.16"]
[Round "1.9"]
[White "Dvirnyy, Danyyil"]
[Black "Aarav Dengla"]
[Result "1-0"]
[WhiteElo "2496"]
[BlackElo "2144"]
[Annotator "TA"]
[PlyCount "40"]
[EventDate "2022.03.16"]
[EventType "swiss"]
[EventCountry "ITA"]
[SourceTitle "playchess.com"]
[Source "ChessBase"]
[SourceQuality "1"]

{[%evp 10,40,23,12,18,21,30,13,29,10,39,33,27,37,65,48,95,79,130,143,140,145,145,127,125,80,93,73,664,624,735,735,779]} 1. e4 c5 2. Nf3 d6 3. d4 Nf6 4. Nc3 cxd4 5. Nxd4 a6 6. Nb3 e6 {B90: Sicilian Najdorf: Unusual White 6th moves, 6 Be3 Ng4 and 6 Be3 e5.} 7. g4 h6 8. Bg2 e5 {The position is equal.} 9. h3 Be6 {[#]} 10. f4 $146 ({Predecessor:} 10. O-O Be7 11. f4 Bc4 12. Re1 Nc6 13. Nd5 h5 14. g5 Nd7 15. f5 Bxd5 16. exd5 {1-0 (48) Grachev,A (2277)-Bitkinin,L (2025) Ekaterinburg 2018}) 10... exf4 11. Bxf4 Nc6 {Inhibits e5.} 12. Qe2 $36 {[%mdl 2048] White is more active.} (12. Qd2 {is more complex.} Ne5 13. O-O-O Nfd7 14. Nd4 Rc8 15. Kb1) 12... Qc7 (12... Nd7 $14) 13. O-O-O $16 Bxb3 (13... Ne5 $142) 14. cxb3 Ne5 15. Kb1 Be7 16. h4 {Black must now prevent g5.} Nexg4 17. h5 {White is more active.} ({Don't take} 17. Nd5 $6 Nxd5 18. Rxd5 Ne5 $11) ({White should try} 17. Bh3 Ne5 18. h5) 17... Qc5 18. Rd2 {[#] aiming for Nd5.} g6 $2 {[%mdl 8192]} (18... Ne5 $16) 19. hxg6 $18 fxg6 20. Nd5 Kf7 {Weighted Error Value: White=0.12 (very precise) /Black=0.61} 1-0

[Event "Festival Primavera Cattolica 2022"]
[Site "Cattolica"]
[Date "2022.03.16"]
[Round "1.10"]
[White "Koellner, Christof"]
[Black "Dimitrov, Radoslav"]
[Result "0-1"]
[WhiteElo "2111"]
[BlackElo "2487"]
[Annotator "TA"]
[PlyCount "56"]
[EventDate "2022.03.16"]
[EventType "swiss"]
[EventCountry "ITA"]
[SourceTitle "playchess.com"]
[Source "ChessBase"]
[SourceQuality "1"]

{[%evp 9,56,-5,14,7,39,6,2,8,24,18,27,16,40,8,32,4,19,5,0,-56,-63,-124,-115,-115,-102,-103,-102,-206,-143,-135,-133,-276,-291,-270,-191,-269,-222,-577,-515,-1229,-1217,-2872,-2872,-2590,-2600,-2300,-2088,-1587,-1508]} 1. d4 d5 2. Nf3 Nf6 3. e3 Bf5 4. Bd3 e6 5. c4 c6 6. O-O {D12: Slav Defence: 3 Nf3 Nf6 4 e3 Bf5.} Ne4 7. b3 Nd7 8. Qc2 {The position is equal.} Bg6 9. Bb2 Bd6 {[#]} 10. Nc3 $146 ({Predecessor:} 10. Nbd2 f5 11. Ne5 Nxd2 12. Qxd2 Qc7 13. Qc3 O-O 14. b4 Rac8 15. Rac1 Bxe5 16. dxe5 {1-0 (44) Akeya Price,R (1974)-Rathbone Jones,I (1855) Torquay 2019}) 10... f5 11. Ne1 Bh5 12. a4 Qe7 13. a5 a6 ({Don't do} 13... Qh4 14. g3 Qe7 15. c5 $16) 14. f4 ({White should play} 14. Be2 $11 Bxe2 15. Nxe2) 14... g5 $15 15. g3 (15. cxd5 $15 cxd5 16. Be2 Bxe2 17. Qxe2) 15... gxf4 $17 16. exf4 Rg8 {[%cal Oe4g3,Bh8g8,Bg8g4,Bg4h4,Bh4h2][%mdl 32] Black is more active.} 17. Bxe4 dxe4 (17... fxe4 {seems wilder.} 18. Qc1 Qg7 19. Na4 O-O-O 20. Qd2 Kb8) 18. Ne2 (18. Na4 $17) 18... Bxe2 19. Qxe2 {[%cal Ob3b4]} O-O-O {[%cal Oh7h5]} 20. Bc3 {[#] Now White is beyond hope.} (20. Kh1 $17) 20... h5 $1 $19 21. Qxh5 Rg4 {Threatens to win with ...Qg7.} 22. Qh3 (22. Qh6 $142) 22... Rdg8 {Strongly threatening ...Bxf4.} 23. Kf2 $2 {[#]} (23. Bd2 {is a better chance.}) 23... Bxf4 $1 {[%mdl 576] Deflection. Black is clearly winning.} 24. gxf4 (24. Rh1 $142 Bd6 25. Ke2) (24. Nc2 Bxg3+) 24... Rh4 ({Less strong is} 24... Qd6 25. Ke2 $16) 25. Qg3 Rxg3 26. hxg3 Rh2+ 27. Ng2 Qh7 {( -> ...Qh3)} 28. Rg1 Qh5 {Weighted Error Value: White=0.78/Black=0.11 (very precise)} 0-1